LDR 01632nam a2200289 4500 001 000000367820 003 CaOOAMICUS 005 20260522095825.0 008 260515s2009 fr 000 u fre r 020 $a978-2-204-08913-5 040 $aSeMil$bita 110 2 $aCommissione teologica internazionale$d<1969- >.$0(OLS)http://semarc/name/9608 245 10$aÀ la recherche d'un éthique universelle :$bnouveau regard sur la loi naturelle : suivi de pour lire le document «Á la recherche d'un éthique universelle» /$cCommission Théologique Internationale ; par le fr. Serge-Thomas Bonino ; préface à l'édition française par mgr Roland Minnerath. 264 1$aParis :$bCerf,$c2009. 300 $a180 p. ;$c22 cm 490 1 $aDocuments des Églises 650 4$aDiritto naturale - Religione - Chiesa cattolica.$0(OLS)http://semarc/subject/60338 700 1 $aMinnerath, Roland,$d<1946- >.$0(OLS)http://semarc/name/20167 700 1 $aBonino, Serge Thomas,$c
.$0(OLS)http://semarc/name/20687 830 0$aDocuments des Églises.$0(OLS)http://semarc/title/12725 850 $aSeMil 852 $aSeMil$W1$xVenegono$y1$m2E IV 379$j272393$B258495$CSeMilBibl$Z2$F258495 $81 961 $aBuzzi mons. Franco - Omaggio 996 $6020$a978-2-204-08913-5$9(OLS)http://semarc/number/305935 996 $6245$aÀ la recherche d'un éthique universelle :$bnouveau regard sur la loi naturelle : suivi de pour lire le document «Á la recherche d'un éthique universelle»$9(OLS)http://semarc/title/459797 996 $6264$aParis :$bCerf$9(OLS)http://semarc/publisher/31845